[Event "World Cup 2023 Open"]
[Site "Baku, Azerbaijan"]
[Date "2023.08.02"]
[Round "11.31"]
[White "Mamedov Rauf (AZE)"]
[Black "Predke Alexandr (SRB)"]
[Result "1/2-1/2"]
[WhiteFideId "13401653"]
[BlackFideId "24107581"]
[WhiteElo "2636"]
[BlackElo "2651"]

1. e4 {[%clk 01:30:56]} {[%emt 00:00:03]} c5 {[%clk 01:29:37]} {[%emt
00:01:23]} 2. Nf3 {[%clk 01:31:11]} {[%emt 00:00:15]} e6 {[%clk 01:30:01]}
{[%emt 00:00:07]} 3. c3 {[%clk 01:31:36]} {[%emt 00:00:05]} Nf6 {[%clk
01:30:23]} {[%emt 00:00:07]} 4. e5 {[%clk 01:32:03]} {[%emt 00:00:04]} Nd5
{[%clk 01:30:48]} {[%emt 00:00:05]} 5. a3 {[%clk 01:32:31]} {[%emt 00:00:02]}
d6 {[%clk 01:30:28]} {[%emt 00:00:50]} 6. d4 {[%clk 01:30:43]} {[%emt
00:02:19]} cxd4 {[%clk 01:30:45]} {[%emt 00:00:13]} 7. c4 {[%clk 01:31:10]}
{[%emt 00:00:03]} Ne7 {[%clk 01:30:42]} {[%emt 00:00:33]} 8. exd6 {[%clk
01:27:10]} {[%emt 00:04:30]} Qxd6 {[%clk 01:31:01]} {[%emt 00:00:11]} 9. Qxd4
{[%clk 01:23:33]} {[%emt 00:04:07]} Nf5 {[%clk 01:29:15]} {[%emt 00:02:16]} 10.
Qxd6 {[%clk 01:16:00]} {[%emt 00:08:04]} Bxd6 {[%clk 01:29:30]} {[%emt
00:00:15]} 11. Bd3 {[%clk 01:14:19]} {[%emt 00:02:10]} Nc6 {[%clk 01:22:34]}
{[%emt 00:07:26]} 12. Nc3 {[%clk 01:13:59]} {[%emt 00:00:50]} O-O {[%clk
01:20:25]} {[%emt 00:02:40]} 13. O-O {[%clk 01:03:45]} {[%emt 00:10:43]} Ne5
{[%clk 00:57:02]} {[%emt 00:23:53]} 14. Nxe5 {[%clk 00:41:54]} {[%emt
00:22:21]} Bxe5 {[%clk 00:57:26]} {[%emt 00:00:07]} 15. Rd1 {[%clk 00:40:58]}
{[%emt 00:01:26]} Bxc3 {[%clk 00:39:52]} {[%emt 00:18:04]} 16. bxc3 {[%clk
00:41:20]} {[%emt 00:00:08]} e5 {[%clk 00:34:53]} {[%emt 00:05:29]} 17. Be4
{[%clk 00:27:12]} {[%emt 00:14:38]} Ne7 {[%clk 00:21:48]} {[%emt 00:13:36]} 18.
Rb1 {[%clk 00:25:00]} {[%emt 00:02:42]} Rb8 {[%clk 00:15:08]} {[%emt 00:07:10]}
19. Be3 {[%clk 00:15:16]} {[%emt 00:10:13]} b6 {[%clk 00:15:06]} {[%emt
00:00:33]} 20. c5 {[%clk 00:15:04]} {[%emt 00:00:42]} Bf5 {[%clk 00:12:09]}
{[%emt 00:03:27]} 21. f3 {[%clk 00:11:19]} {[%emt 00:04:16]} b5 {[%clk
00:12:24]} {[%emt 00:00:15]} 22. Bxf5 {[%clk 00:08:51]} {[%emt 00:02:58]} Nxf5
{[%clk 00:12:48]} {[%emt 00:00:06]} 23. Bf2 {[%clk 00:09:20]} Ne7 {[%clk
00:12:09]} {[%emt 00:01:10]} 24. Rd7 {[%clk 00:07:02]} {[%emt 00:02:47]} Nc6
{[%clk 00:12:27]} {[%emt 00:00:12]} 25. Rc7 {[%clk 00:07:23]} {[%emt 00:00:09]}
Rfc8 {[%clk 00:12:13]} {[%emt 00:00:44]} 26. Rxc8+ {[%clk 00:07:49]} {[%emt
00:00:04]} Rxc8 {[%clk 00:12:40]} {[%emt 00:00:02]} 27. Rxb5 {[%clk 00:08:15]}
{[%emt 00:00:05]} Rd8 {[%clk 00:11:52]} {[%emt 00:01:18]} 28. Kf1 {[%clk
00:07:56]} {[%emt 00:00:49]} Rd7 {[%clk 00:12:01]} {[%emt 00:00:21]} 29. Ke2
{[%clk 00:08:09]} {[%emt 00:00:17]} f5 {[%clk 00:11:18]} {[%emt 00:01:14]} 30.
g4 {[%clk 00:05:26]} {[%emt 00:03:12]} g6 {[%clk 00:10:42]} {[%emt 00:01:06]}
31. Rb1 {[%clk 00:05:09]} {[%emt 00:00:48]} Kf7 {[%clk 00:10:41]} {[%emt
00:00:31]} 32. gxf5 {[%clk 00:05:29]} {[%emt 00:00:09]} gxf5 {[%clk 00:11:06]}
{[%emt 00:00:05]} 33. Rg1 {[%clk 00:05:57]} {[%emt 00:00:02]} Ne7 {[%clk
00:06:07]} {[%emt 00:05:30]} 34. f4 {[%clk 00:01:53]} {[%emt 00:04:34]} Nd5
{[%clk 00:03:54]} {[%emt 00:02:42]} 35. fxe5 {[%clk 00:02:14]} {[%emt
00:00:09]} Nxc3+ {[%clk 00:03:36]} {[%emt 00:00:49]} 36. Ke3 {[%clk 00:01:58]}
{[%emt 00:00:46]} Nd1+ {[%clk 00:03:11]} {[%emt 00:00:55]} 37. Ke2 {[%clk
00:02:23]} {[%emt 00:00:05]} Nc3+ {[%clk 00:02:27]} {[%emt 00:01:14]} 38. Ke3
{[%clk 00:02:41]} {[%emt 00:00:12]} 1/2-1/2

[Event "World Cup 2023 Open"]
[Site "Baku, Azerbaijan"]
[Date "2023.08.02"]
[Round "11.32"]
[White "Liang Awonder (USA)"]
[Black "Yilmaz Mustafa (TUR)"]
[Result "1/2-1/2"]
[WhiteFideId "2056437"]
[BlackFideId "6302718"]
[WhiteElo "2649"]
[BlackElo "2639"]

1. c4 {[%clk 01:30:59]} e5 {[%clk 01:30:39]} {[%emt 00:00:21]} 2. d3 {[%clk
01:31:22]} {[%emt 00:00:06]} Bb4+ {[%clk 01:28:07]} {[%emt 00:03:02]} 3. Nd2
{[%clk 01:31:42]} {[%emt 00:00:11]} c5 {[%clk 01:26:23]} {[%emt 00:02:14]} 4.
a3 {[%clk 01:15:52]} {[%emt 00:16:21]} Ba5 {[%clk 01:25:42]} {[%emt 00:01:10]}
5. Qa4 {[%clk 01:15:22]} {[%emt 00:01:00]} Nc6 {[%clk 01:16:47]} {[%emt
00:09:25]} 6. b4 {[%clk 01:14:45]} {[%emt 00:01:07]} cxb4 {[%clk 01:14:41]}
{[%emt 00:02:36]} 7. Nb3 {[%clk 01:15:07]} {[%emt 00:00:08]} bxa3+ {[%clk
01:10:38]} {[%emt 00:04:33]} 8. Nxa5 {[%clk 01:15:30]} {[%emt 00:00:08]} Qxa5+
{[%clk 01:11:02]} {[%emt 00:00:05]} 9. Qxa5 {[%clk 01:15:50]} {[%emt 00:00:10]}
Nxa5 {[%clk 01:11:28]} {[%emt 00:00:04]} 10. Bxa3 {[%clk 01:15:57]} {[%emt
00:00:23]} b6 {[%clk 01:11:01]} {[%emt 00:00:57]} 11. e4 {[%clk 01:07:30]}
{[%emt 00:08:57]} f6 {[%clk 01:04:33]} {[%emt 00:06:58]} 12. Ne2 {[%clk
01:01:40]} {[%emt 00:06:20]} Ne7 {[%clk 00:59:32]} {[%emt 00:05:30]} 13. Nc3
{[%clk 00:59:54]} {[%emt 00:02:17]} Nb3 {[%clk 00:52:17]} {[%emt 00:07:45]} 14.
Rb1 {[%clk 00:52:58]} {[%emt 00:07:26]} Nc5 {[%clk 00:49:12]} {[%emt 00:03:35]}
15. Nb5 {[%clk 00:50:22]} {[%emt 00:03:06]} Kd8 {[%clk 00:48:34]} {[%emt
00:01:07]} 16. f4 {[%clk 00:50:40]} {[%emt 00:00:12]} Ba6 {[%clk 00:38:23]}
{[%emt 00:10:41]} 17. Nd6 {[%clk 00:48:07]} {[%emt 00:03:04]} Rf8 {[%clk
00:38:30]} {[%emt 00:00:22]} 18. Ra1 {[%clk 00:47:10]} {[%emt 00:01:28]} Bc8
{[%clk 00:38:03]} {[%emt 00:00:57]} 19. Be2 {[%clk 00:46:53]} {[%emt 00:00:47]}
Nc6 {[%clk 00:33:42]} {[%emt 00:04:50]} 20. Rf1 {[%clk 00:43:40]} {[%emt
00:03:43]} Nd4 {[%clk 00:31:57]} {[%emt 00:02:15]} 21. Kd1 {[%clk 00:33:37]}
{[%emt 00:10:33]} Ke7 {[%clk 00:27:12]} {[%emt 00:05:15]} 22. fxe5 {[%clk
00:33:41]} {[%emt 00:00:27]} fxe5 {[%clk 00:27:00]} {[%emt 00:00:42]} 23. Rxf8
{[%clk 00:33:32]} {[%emt 00:00:38]} Kxf8 {[%clk 00:27:21]} {[%emt 00:00:09]} 24.
Bg4 {[%clk 00:33:21]} {[%emt 00:00:42]} h5 {[%clk 00:13:26]} {[%emt 00:14:25]}
25. Bxh5 {[%clk 00:33:02]} {[%emt 00:00:49]} Ke7 {[%clk 00:11:37]} {[%emt
00:02:18]} 26. Bxc5 {[%clk 00:31:25]} {[%emt 00:02:08]} bxc5 {[%clk 00:12:06]}
{[%emt 00:00:01]} 27. Rxa7 {[%clk 00:31:43]} {[%emt 00:00:11]} Rb8 {[%clk
00:08:17]} {[%emt 00:04:19]} 28. Nf5+ {[%clk 00:29:18]} {[%emt 00:02:55]} Nxf5
{[%clk 00:05:58]} {[%emt 00:02:49]} 29. exf5 {[%clk 00:29:46]} {[%emt
00:00:02]} Bb7 {[%clk 00:05:25]} {[%emt 00:01:03]} 30. g4 {[%clk 00:23:38]}
{[%emt 00:06:38]} Bf3+ {[%clk 00:05:05]} {[%emt 00:00:48]} 31. Kc2 {[%clk
00:24:06]} {[%emt 00:00:03]} e4 {[%clk 00:04:20]} {[%emt 00:01:15]} 32. Ra1
{[%clk 00:10:43]} {[%emt 00:13:54]} exd3+ {[%clk 00:04:25]} {[%emt 00:00:25]}
33. Kxd3 {[%clk 00:11:12]} {[%emt 00:00:02]} Rb3+ {[%clk 00:04:11]} {[%emt
00:00:43]} 34. Kc2 {[%clk 00:09:01]} {[%emt 00:02:41]} Re3 {[%clk 00:04:09]}
{[%emt 00:00:29]} 35. Kd2 {[%clk 00:09:25]} {[%emt 00:00:10]} Re2+ {[%clk
00:01:41]} {[%emt 00:02:57]} 36. Kd3 {[%clk 00:09:53]} {[%emt 00:00:01]} Rxh2
{[%clk 00:01:47]} {[%emt 00:00:24]} 37. Re1+ {[%clk 00:09:38]} {[%emt
00:00:45]} Kd6 {[%clk 00:02:16]} 38. Ke3 {[%clk 00:09:52]} {[%emt 00:00:17]}
Rh1 {[%clk 00:01:49]} {[%emt 00:00:57]} 39. Rxh1 {[%clk 00:09:20]} {[%emt
00:01:02]} Bxh1 {[%clk 00:02:18]} 40. g5 {[%clk 00:08:47]} {[%emt 00:01:03]}
Bg2 {[%clk 00:01:41]} {[%emt 00:01:06]} 41. Bf3 {[%clk 00:25:02]} {[%emt
00:14:16]} Bf1 {[%clk 00:24:27]} {[%emt 00:07:44]} 42. Bd5 {[%clk 00:25:05]}
{[%emt 00:00:27]} Ke7 {[%clk 00:24:39]} {[%emt 00:00:18]} 1/2-1/2

[Event "World Cup 2023 Open"]
[Site "Baku, Azerbaijan"]
[Date "2023.08.02"]
[Round "11.33"]
[White "Yakubboev Nodirbek (UZB)"]
[Black "Gledura Benjamin (HUN)"]
[Result "1/2-1/2"]
[WhiteFideId "14203987"]
[BlackFideId "712779"]
[WhiteElo "2640"]
[BlackElo "2645"]

1. e4 {[%clk 01:30:35]} {[%emt 00:00:09]} e5 {[%clk 01:30:53]} {[%emt
00:00:23]} 2. Nf3 {[%clk 01:30:58]} {[%emt 00:00:06]} Nc6 {[%clk 01:30:55]}
{[%emt 00:00:28]} 3. Bb5 {[%clk 01:31:17]} {[%emt 00:00:12]} a6 {[%clk
01:31:13]} {[%emt 00:00:12]} 4. Ba4 {[%clk 01:31:45]} {[%emt 00:00:02]} Nf6
{[%clk 01:31:32]} {[%emt 00:00:11]} 5. O-O {[%clk 01:32:01]} {[%emt 00:00:13]}
Be7 {[%clk 01:31:13]} {[%emt 00:00:48]} 6. Re1 {[%clk 01:31:50]} {[%emt
00:00:41]} b5 {[%clk 01:31:18]} {[%emt 00:00:25]} 7. Bb3 {[%clk 01:32:18]}
{[%emt 00:00:02]} O-O {[%clk 01:31:19]} {[%emt 00:00:29]} 8. a4 {[%clk
01:32:06]} {[%emt 00:00:42]} b4 {[%clk 01:27:21]} {[%emt 00:04:29]} 9. a5
{[%clk 01:31:19]} {[%emt 00:01:16]} d6 {[%clk 01:26:59]} {[%emt 00:00:52]} 10.
d3 {[%clk 01:28:41]} {[%emt 00:03:08]} Rb8 {[%clk 01:27:04]} {[%emt 00:00:25]}
11. Be3 {[%clk 01:22:50]} {[%emt 00:06:19]} h6 {[%clk 01:16:46]} {[%emt
00:10:49]} 12. Nbd2 {[%clk 01:16:38]} {[%emt 00:06:42]} Re8 {[%clk 01:03:33]}
{[%emt 00:13:44]} 13. h3 {[%clk 01:00:46]} {[%emt 00:16:22]} Bf8 {[%clk
01:00:33]} {[%emt 00:03:29]} 14. Nc4 {[%clk 01:00:43]} {[%emt 00:00:34]} Be6
{[%clk 00:54:24]} {[%emt 00:06:40]} 15. Ba4 {[%clk 00:43:32]} {[%emt 00:17:40]}
Bd7 {[%clk 00:54:37]} {[%emt 00:00:17]} 16. Nfd2 {[%clk 00:43:33]} {[%emt
00:00:28]} Ne7 {[%clk 00:34:43]} {[%emt 00:20:25]} 17. Bxd7 {[%clk 00:41:20]}
{[%emt 00:02:44]} Qxd7 {[%clk 00:34:00]} {[%emt 00:01:12]} 18. d4 {[%clk
00:36:54]} {[%emt 00:04:55]} Qb5 {[%clk 00:28:04]} {[%emt 00:06:27]} 19. b3
{[%clk 00:33:34]} {[%emt 00:03:50]} Ng6 {[%clk 00:23:34]} {[%emt 00:04:59]} 20.
dxe5 {[%clk 00:19:57]} {[%emt 00:14:07]} Nxe5 {[%clk 00:23:55]} {[%emt
00:00:10]} 21. Nxe5 {[%clk 00:19:29]} {[%emt 00:00:58]} dxe5 {[%clk 00:17:50]}
{[%emt 00:06:35]} 22. Qe2 {[%clk 00:15:00]} {[%emt 00:04:59]} Qxe2 {[%clk
00:17:54]} {[%emt 00:00:26]} 23. Rxe2 {[%clk 00:15:28]} {[%emt 00:00:02]} Red8
{[%clk 00:18:15]} {[%emt 00:00:09]} 24. Nc4 {[%clk 00:14:56]} {[%emt 00:01:02]}
Rb5 {[%clk 00:16:45]} {[%emt 00:02:01]} 25. f3 {[%clk 00:12:46]} {[%emt
00:02:39]} Ne8 {[%clk 00:17:05]} {[%emt 00:00:10]} 26. Kf2 {[%clk 00:11:33]}
{[%emt 00:01:43]} f6 {[%clk 00:17:15]} {[%emt 00:00:20]} 27. Rd2 {[%clk
00:09:57]} {[%emt 00:02:06]} Rxd2+ {[%clk 00:17:36]} {[%emt 00:00:08]} 28. Nxd2
{[%clk 00:10:09]} {[%emt 00:00:18]} Kf7 {[%clk 00:17:13]} {[%emt 00:00:53]} 29.
Ke2 {[%clk 00:10:32]} {[%emt 00:00:07]} Ke6 {[%clk 00:17:09]} {[%emt 00:00:34]}
30. Nc4 {[%clk 00:09:44]} {[%emt 00:01:18]} Nd6 {[%clk 00:14:13]} {[%emt
00:03:26]} 31. Nb2 {[%clk 00:09:08]} {[%emt 00:01:06]} Nb7 {[%clk 00:14:04]}
{[%emt 00:00:39]} 1/2-1/2

[Event "World Cup 2023 Open"]
[Site "Baku, Azerbaijan"]
[Date "2023.08.02"]
[Round "11.34"]
[White "Nguyen Thai Dai Van (CZE)"]
[Black "Tari Aryan (NOR)"]
[Result "0-1"]
[WhiteFideId "358878"]
[BlackFideId "1510045"]
[WhiteElo "2642"]
[BlackElo "2641"]

1. e4 {[%clk 01:30:54]} {[%emt 00:00:03]} e5 {[%clk 01:30:07]} {[%emt
00:00:55]} 2. Nf3 {[%clk 01:31:17]} {[%emt 00:00:07]} Nc6 {[%clk 01:30:28]}
{[%emt 00:00:10]} 3. Bc4 {[%clk 01:31:40]} {[%emt 00:00:06]} Nf6 {[%clk
01:30:35]} {[%emt 00:00:23]} 4. d3 {[%clk 01:32:05]} {[%emt 00:00:06]} d5
{[%clk 01:30:40]} {[%emt 00:00:26]} 5. exd5 {[%clk 01:31:23]} {[%emt 00:01:10]}
Nxd5 {[%clk 01:31:03]} {[%emt 00:00:07]} 6. O-O {[%clk 01:31:38]} {[%emt
00:00:16]} Be7 {[%clk 01:31:19]} {[%emt 00:00:13]} 7. Re1 {[%clk 01:32:01]}
{[%emt 00:00:08]} f6 {[%clk 01:31:28]} {[%emt 00:00:21]} 8. d4 {[%clk
01:24:50]} {[%emt 00:07:41]} Nb6 {[%clk 01:30:26]} {[%emt 00:01:32]} 9. Bb3
{[%clk 01:25:14]} {[%emt 00:00:06]} a5 {[%clk 01:30:07]} {[%emt 00:00:49]} 10.
a4 {[%clk 01:24:27]} {[%emt 00:01:18]} Nxd4 {[%clk 01:27:41]} {[%emt 00:02:55]}
11. Nxd4 {[%clk 01:24:49]} {[%emt 00:00:07]} Qxd4 {[%clk 01:27:46]} {[%emt
00:00:26]} 12. Qxd4 {[%clk 01:25:07]} {[%emt 00:00:12]} exd4 {[%clk 01:28:12]}
{[%emt 00:00:05]} 13. Bf4 {[%clk 01:25:27]} {[%emt 00:00:09]} Kd7 {[%clk
01:27:32]} {[%emt 00:01:10]} 14. Nd2 {[%clk 01:24:32]} {[%emt 00:01:25]} Bd6
{[%clk 01:26:52]} {[%emt 00:01:11]} 15. Bxd6 {[%clk 01:24:41]} {[%emt
00:00:21]} cxd6 {[%clk 01:27:01]} {[%emt 00:00:20]} 16. Nc4 {[%clk 01:23:23]}
{[%emt 00:01:48]} Nxc4 {[%clk 01:20:57]} {[%emt 00:06:34]} 17. Bxc4 {[%clk
01:23:42]} {[%emt 00:00:12]} Kd8 {[%clk 01:20:18]} {[%emt 00:01:09]} 18. Re4
{[%clk 01:23:22]} {[%emt 00:00:50]} Bd7 {[%clk 01:18:10]} {[%emt 00:02:38]} 19.
b3 {[%clk 01:23:17]} {[%emt 00:00:35]} Bc6 {[%clk 01:16:56]} {[%emt 00:01:45]}
20. Rg4 {[%clk 01:23:38]} {[%emt 00:00:08]} g6 {[%clk 01:14:18]} {[%emt
00:03:08]} 21. Rxd4 {[%clk 01:23:54]} {[%emt 00:00:14]} Kc7 {[%clk 01:14:30]}
{[%emt 00:00:17]} 22. f3 {[%clk 01:22:35]} {[%emt 00:01:49]} Rhe8 {[%clk
01:02:15]} {[%emt 00:12:45]} 23. Kf2 {[%clk 01:20:25]} {[%emt 00:02:40]} Re7
{[%clk 00:56:55]} {[%emt 00:05:51]} 24. Rad1 {[%clk 01:20:24]} {[%emt
00:00:30]} Rd8 {[%clk 00:57:13]} {[%emt 00:00:13]} 25. Rh4 {[%clk 01:20:35]}
{[%emt 00:00:18]} Kb6 {[%clk 00:51:38]} {[%emt 00:06:06]} 26. Re1 {[%clk
00:45:52]} {[%emt 00:35:13]} Rde8 {[%clk 00:42:45]} {[%emt 00:09:22]} 27. Rxe7
{[%clk 00:44:19]} {[%emt 00:02:04]} Rxe7 {[%clk 00:43:13]} {[%emt 00:00:02]} 28.
Bg8 {[%clk 00:35:15]} {[%emt 00:09:34]} h5 {[%clk 00:40:04]} {[%emt 00:03:39]}
29. Rf4 {[%clk 00:33:11]} {[%emt 00:02:33]} f5 {[%clk 00:38:44]} {[%emt
00:01:51]} 30. Bc4 {[%clk 00:27:10]} {[%emt 00:06:31]} Kc5 {[%clk 00:31:53]}
{[%emt 00:07:21]} 31. Bd3 {[%clk 00:25:49]} {[%emt 00:01:51]} Kd5 {[%clk
00:28:29]} {[%emt 00:03:54]} 32. h4 {[%clk 00:23:09]} {[%emt 00:03:09]} Ke5
{[%clk 00:27:08]} {[%emt 00:01:52]} 33. Ke3 {[%clk 00:21:20]} {[%emt 00:02:18]}
Kd5+ {[%clk 00:26:13]} {[%emt 00:01:26]} 34. Kd2 {[%clk 00:13:57]} {[%emt
00:07:53]} Ke5 {[%clk 00:26:33]} {[%emt 00:00:09]} 35. Ke3 {[%clk 00:14:21]}
{[%emt 00:00:06]} Kd5+ {[%clk 00:26:59]} {[%emt 00:00:04]} 36. Kd2 {[%clk
00:14:15]} {[%emt 00:00:36]} Ke5 {[%clk 00:27:25]} {[%emt 00:00:05]} 37. g3
{[%clk 00:14:00]} {[%emt 00:00:44]} Re8 {[%clk 00:24:48]} {[%emt 00:03:08]} 38.
Be2 {[%clk 00:12:14]} {[%emt 00:02:14]} Bd5 {[%clk 00:22:42]} {[%emt 00:02:38]}
39. Ke3 {[%clk 00:06:34]} {[%emt 00:06:10]} Kf6+ {[%clk 00:21:30]} {[%emt
00:01:41]} 40. Kd3 {[%clk 00:06:05]} {[%emt 00:00:59]} Ke5 {[%clk 00:19:26]}
{[%emt 00:02:35]} 41. Rd4 {[%clk 00:04:51]} {[%emt 00:01:44]} Rc8 {[%clk
00:18:15]} {[%emt 00:01:40]} 42. Bd1 {[%clk 00:01:29]} {[%emt 00:03:52]} Rc7
{[%clk 00:14:57]} {[%emt 00:03:48]} 43. c3 {[%clk 00:01:03]} {[%emt 00:00:57]}
b6 {[%clk 00:13:43]} {[%emt 00:01:44]} 44. Kd2 {[%clk 00:00:40]} {[%emt
00:00:53]} Rf7 {[%clk 00:05:54]} {[%emt 00:08:20]} 45. Ke3 {[%clk 00:26:11]}
{[%emt 00:04:59]} Rc7 {[%clk 00:35:31]} {[%emt 00:00:53]} 46. Kd2 {[%clk
00:26:17]} {[%emt 00:00:24]} Rf7 {[%clk 00:35:44]} {[%emt 00:00:16]} 47. Ke3
{[%clk 00:26:28]} {[%emt 00:00:19]} Rc7 {[%clk 00:36:10]} {[%emt 00:00:04]} 48.
Rd3 {[%clk 00:26:41]} {[%emt 00:00:17]} Be4 {[%clk 00:33:39]} {[%emt 00:03:02]}
49. fxe4 {[%clk 00:12:28]} {[%emt 00:14:43]} fxe4 {[%clk 00:34:07]} {[%emt
00:00:01]} 50. Rd2 {[%clk 00:12:54]} {[%emt 00:00:05]} Rxc3+ {[%clk 00:34:31]}
{[%emt 00:00:06]} 51. Ke2 {[%clk 00:13:23]} Rxg3 {[%clk 00:33:01]} {[%emt
00:02:00]} 52. Kf1 {[%clk 00:06:20]} {[%emt 00:07:33]} d5 {[%clk 00:30:30]}
{[%emt 00:03:01]} 53. Rc2 {[%clk 00:05:15]} {[%emt 00:01:34]} Rxb3 {[%clk
00:28:19]} {[%emt 00:02:42]} 54. Rc6 {[%clk 00:05:44]} Rb1 {[%clk 00:28:13]}
{[%emt 00:00:36]} 55. Ke1 {[%clk 00:05:45]} {[%emt 00:00:29]} d4 {[%clk
00:27:26]} {[%emt 00:01:16]} 56. Rxg6 {[%clk 00:06:06]} {[%emt 00:00:09]} e3
{[%clk 00:26:46]} {[%emt 00:01:10]} 57. Ke2 {[%clk 00:03:30]} {[%emt 00:03:07]}
Rb2+ {[%clk 00:26:48]} {[%emt 00:00:27]} 58. Kf3 {[%clk 00:03:31]} {[%emt
00:00:29]} Rf2+ {[%clk 00:18:47]} {[%emt 00:08:32]} 59. Kg3 {[%clk 00:04:00]}
d3 {[%clk 00:16:52]} {[%emt 00:02:25]} 60. Bxh5 {[%clk 00:02:31]} {[%emt
00:01:59]} Rf1 {[%clk 00:16:19]} {[%emt 00:01:04]} 61. Bg4 {[%clk 00:01:00]}
{[%emt 00:02:01]} Rg1+ {[%clk 00:16:24]} {[%emt 00:00:25]} 62. Kf3 {[%clk
00:01:24]} {[%emt 00:00:06]} e2 {[%clk 00:15:34]} {[%emt 00:01:20]} 63. Re6+
{[%clk 00:00:40]} {[%emt 00:01:13]} Kd4 {[%clk 00:15:39]} {[%emt 00:00:25]} 64.
Re4+ {[%clk 00:00:43]} {[%emt 00:00:28]} 0-1